000 00426nam a2200157 i 4500
001 69457
003 ES-MaACL
005 20230906170527.0
007 t|
008 040706s1970 sp ||||1| spa d
100 1 _aGarcía Carrasco, Joaquín.
_954346
245 1 0 _aClubs juveniles /
_cJoaquín G. Carrasco.
260 _aSalamanca :
_bSígueme,
_c1970.
300 _a182 p. ;
_c19 cm.
852 _aES-MaACL
_jC-48135
_bR.74558
999 _c69457
_d69457